000 00617nam a2200181Ia 4500
008 100917s9999 xx 000 0 und d
082 _b11014
100 _aविद्यार्थी लेखन विकास
245 _aअहो मला लिहिता येतय
260 _bव्हीनस प्रकाशन
_c1966
300 _a48
365 _b0.8
520 _aबालविभाग
630 _aअहो मला लिहिता येतय
650 _aबालविभाग
730 _aअहो मला लिहिता येतय
942 _cBOOK
999 _c616408
_d616405